[Event "CZE-chT2D 1718"]
[Site "Czech Republic"]
[Date "2018.01.28"]
[Round "7.7"]
[White "Zahalka, Jan"]
[Black "Zezula, Rudolf"]
[Result "0-1"]
[WhiteElo "1931"]
[BlackElo "1993"]
[PlyCount "44"]
[EventDate "2017.10.15"]
[EventType "team-tourn"]
[EventRounds "11"]
[EventCountry "CZE"]
[SourceTitle "EXT 2022"]
[Source "ChessBase"]
[SourceDate "2021.10.06"]
[SourceVersion "1"]
[SourceVersionDate "2021.10.06"]
[SourceQuality "1"]
[WhiteTeam "Nachod"]
[BlackTeam "Namest nad Oslavou"]
[WhiteTeamCountry "CZE"]
[BlackTeamCountry "CZE"]

1. e4 c5 2. d4 cxd4 3. c3 dxc3 4. Nxc3 Nc6 5. Bc4 Nf6 6. Nf3 d6 7. 0-0 g6 8. e5 dxe5 9. Qxd8+ Kxd8 10. Rd1+ Kc7 11. Nb5+ Kb8 12. Nxe5 Nxe5 13. Bf4 Nfg4 14. h3 g5 15. Bg3 f5 16. f4 Nxc4 17. Rac1 Nge3 18. fxg5+ e5 19. Rd8 Bg7 20. Rd3 f4 21. Bf2 Bf5 22. Rdc3 a6 0-1

[Event "CZE-chT U20 Extraliga West 1415"]
[Site "Czech Republic"]
[Date "2014.10.12"]
[Round "4.2"]
[White "Zahalka, Jan"]
[Black "Janska, Jitka"]
[Result "1/2-1/2"]
[WhiteElo "1878"]
[BlackElo "2077"]
[PlyCount "111"]
[EventDate "2014.10.11"]
[EventType "team-tourn"]
[EventRounds "11"]
[EventCountry "CZE"]
[SourceTitle "EXT 2021"]
[Source "ChessBase"]
[SourceDate "2020.10.23"]
[SourceVersion "1"]
[SourceVersionDate "2020.10.23"]
[SourceQuality "1"]
[WhiteTeam "Hradec Kralove Ortex (U20)"]
[BlackTeam "Klatovy (U20)"]
[WhiteTeamCountry "CZE"]
[BlackTeamCountry "CZE"]

1. e4 e5 2. Nf3 Nc6 3. Bb5 a6 4. Ba4 Nf6 5. 0-0 b5 6. Bb3 Be7 7. Re1 d6 8. c3 0-0 9. h3 Na5 10. Bc2 c5 11. d4 Qc7 12. Nbd2 cxd4 13. cxd4 Nc6 14. d5 Nd8 15. Nf1 Ne8 16. Ng3 g6 17. a4 Rb8 18. axb5 axb5 19. b4 Ng7 20. Bd3 f5 21. Bd2 Nf7 22. Qb1 f4 23. Ne2 Ng5 24. Nxg5 Bxg5 25. f3 Qe7 26. Rc1 Nh5 27. Qc2 Bh4 28. Qc7 Rb7 29. Qxe7 Bxe7 30. Be1 Bd7 31. Bf2 Rfb8 32. Ra6 Ng7 33. Rca1 Ne8 34. Ra7 Nc7 35. Rxb7 Rxb7 36. Ra7 Rxa7 37. Bxa7 Na6 38. Nc3 Nxb4 39. Bxb5 Bxb5 40. Nxb5 Na6 41. Kf2 Kf7 42. Ke2 Ke8 43. Kd3 Kd7 44. Bb6 Kc8 45. Kc4 Kb7 46. Ba5 Bf8 47. Bb4 Nxb4 48. Kxb4 Be7 49. Na3 Bd8 50. Kb5 Bb6 51. Nc4 Bc7 52. Na5+ Bxa5 53. Kxa5 Ka7 54. Kb5 Kb7 55. Ka5 Ka7 56. Kb5 1/2-1/2